Normal view MARC view
  • Enríquez Brito, Isabel

Entry Nombre Personal

Number of records used in: 2

001 - NUMERO DE CONTROL

  • campo de control: 45424

003 - IDENTIFICADOR DE NUMERO DE CONTROL

  • campo de control: MX-MxUPN

005 - FECHA Y HORA DE LA ÜLTIMA TRANSACCIÓN

  • campo de control: 20220729090127.0

008 - DATOS DE LONGITUD FIJA

  • campo de control de longitud fija: 220729|| aca||aabn | a|a d

040 ## - FUENTE DE CATALOGACIÓN

  • Agencia original de catalogación: MX-MxUPN
  • Lenguaje de catalogación: spa
  • Agencia de transcripción: MX-MxUPN

100 1# - ENCABEZAMIENTO - NOMBRE PERSONAL

  • Nombre personal: Enríquez Brito, Isabel

670 ## - FUENTE EN LA QUE SE LOCALIZARON DATOS

  • Cita de la fuente: Geografía física de los continentes II, 1978:
  • Información localizada: portada (Isabel Enríquez Brito)

902 ## - CATALOGADOR

  • Catalogador: VRC/290722